| 000 | 00841nam a22002417a 4500 | ||
|---|---|---|---|
| 003 | URS | ||
| 005 | 20240710175036.0 | ||
| 008 | 240604t2021 ph ||||| |||| 00| 0 eng d | ||
| 020 | _a9786210424805 | ||
| 040 |
_aDLC _beng _cDLC _dDLC _dURS _erda |
||
| 082 |
_a658.4 _bD384 2021 |
||
| 100 |
_aDelos Santos, Danilo Lorenzo S. _4author |
||
| 245 |
_aGood Governance and Social Responsibility: _cDanilo Lorenzo S. Delos Santos, Leveric T. Ng |
||
| 264 |
_aPhilippines : _bRex Book Store, Inc., _c[2021] |
||
| 300 |
_axii, 116 pages; _c25 cm. |
||
| 336 |
_2rdacontent _atext _btxt |
||
| 337 |
_2rdamedia _aunmediated _bn |
||
| 338 |
_2rdacarrier _avolume _bnc |
||
| 504 | _aIncludes bibliographical references(pages 105-116) and index. | ||
| 650 | _aGood Governance and Social Responsibility: | ||
| 700 |
_aNg, Leveric T. _4author |
||
| 942 |
_2ddc _cF |
||
| 999 |
_c79956 _d79955 |
||